01017nam a22002177a 4500999001500000003000900015008004100024040007100065082001800136100003200154245005800186260003200244300005900276505024900335650002500584650003000609650003700639942001600676945000900692952009800701 c8111d8111AR-CdUCM190322b ||||| |||| 00| 0 spa d aMUNICIPALIDAD PROVINCIAL DEL CUSCOcBIBLIOTECA MUNICIPAL DEL CUSCO a668.62 /bC71 aCollings, Gilbeart Hooper,  aFertilizantes comerciales : bSus fuentes sus usos /  aBarcelona :bSalvat,c1958. a710 paginas ;bMapas plegables, Ilustraciones,c23 cm. aContenido : Origen y desarrollo de los fertilizantes comerciales -- Origen, producción y empleo del nitrato sódico -- Fabricación y empleo de los superfosfatos -- Principios que deben tenerse en cuenta en la compra de fertilizantes... aFertilizantes919426 aFosfatos minerales922903 aFertilizantes comerciales922904 2ddccLIBROS awnts 002ddc4070aSCbSCcCARTd2019-03-22g45.00o668.62 / C71pSC0000000985r2019-03-22yLIBROS